[Event "Robecchetto op-B 26th"]
[Site "Robecchetto"]
[Date "2015.07.25"]
[Round "2"]
[White "Schingaro, Angelo"]
[Black "Garcia Rubi, Juan"]
[Result "1/2-1/2"]
[WhiteElo "1719"]
[BlackElo "1394"]
[PlyCount "100"]
[EventDate "2015.07.24"]
[EventType "swiss"]
[EventRounds "5"]
[EventCountry "ITA"]
[SourceTitle "EXT 2023"]
[Source "ChessBase"]
[SourceDate "2022.10.05"]
[SourceVersion "1"]
[SourceVersionDate "2022.10.05"]
[SourceQuality "1"]

1. e4 e5 2. Nf3 Nc6 3. d4 exd4 4. Nxd4 Nxd4 5. Qxd4 d6 6. Nc3 Qf6 7. Be3 Qxd4 8. Bxd4 Bd7 9. Bc4 Be6 10. Bb3 Bxb3 11. axb3 a6 12. 0-0 Ne7 13. Nd5 Nxd5 14. exd5 0-0-0 15. Rfe1 h5 16. Re3 Rh6 17. Rae1 Kd7 18. Rf3 f6 19. Rfe3 Rg6 20. c4 b6 21. b4 Rg4 22. Re4 Rxe4 23. Rxe4 Re8 24. f3 Rxe4 25. fxe4 c5 26. bxc5 dxc5 27. Bc3 Bd6 28. g3 b5 29. cxb5 axb5 30. Kf2 b4 31. Bd2 Be5 32. b3 g5 33. Ke2 Kd6 34. Kd3 Kc7 35. Be3 Bd6 36. Kc4 Kb6 37. Bf2 Be7 38. d6 Bxd6 39. Kd5 Be7 40. Be3 Bf8 41. e5 fxe5 42. Bxg5 Kb5 43. Bf6 e4 44. Kxe4 c4 45. bxc4+ Kxc4 46. h3 Bd6 47. g4 hxg4 48. hxg4 b3 49. g5 Be7 50. Bb2 Bxg5 1/2-1/2

[Event "Varese op 13th"]
[Site "Varese"]
[Date "2014.10.12"]
[Round "4"]
[White "Centofante, Maria Rosa"]
[Black "Schingaro, Angelo"]
[Result "0-1"]
[WhiteElo "1543"]
[BlackElo "1721"]
[PlyCount "72"]
[EventDate "2014.10.10"]
[EventType "swiss"]
[EventRounds "5"]
[EventCountry "ITA"]
[SourceTitle "EXT 2016"]
[Source "ChessBase"]
[SourceDate "2015.10.08"]
[SourceVersion "1"]
[SourceVersionDate "2015.10.08"]
[SourceQuality "1"]

1. d4 d5 2. Nf3 Nf6 3. c4 e6 4. Nc3 c6 5. Bg5 Be7 6. e3 Nbd7 7. cxd5 exd5 8. Bd3 0-0 9. 0-0 Re8 10. Qc2 Ne4 11. Bxe7 Qxe7 12. a3 Ndf6 13. Ne5 Bd7 14. b4 Nxc3 15. Qxc3 Rac8 16. Rfe1 Ng4 17. Nxd7 Qxd7 18. e4 dxe4 19. Bxe4 Nf6 20. Qd3 Nxe4 21. Rxe4 Rxe4 22. Qxe4 Re8 23. Qd3 Re6 24. Rc1 Rd6 25. Rd1 Rd5 26. Qe3 g6 27. Rd3 b6 28. h3 c5 29. bxc5 bxc5 30. Rb3 cxd4 31. Qd3 Kg7 32. Rb4 Qd6 33. Rb7 Rc5 34. g3 Rc1+ 35. Kg2 Qd5+ 36. Qf3 Rg1+ 0-1

[Event "Omegna op-B 2nd"]
[Site "Omegna"]
[Date "2014.08.08"]
[Round "1"]
[White "Koureas, Panicos"]
[Black "Schingaro, Angelo"]
[Result "0-1"]
[WhiteElo "1417"]
[BlackElo "1702"]
[PlyCount "76"]
[EventDate "2014.08.08"]
[EventType "swiss"]
[EventRounds "5"]
[EventCountry "ITA"]
[SourceTitle "EXT 2015"]
[Source "ChessBase"]
[SourceDate "2014.11.20"]
[SourceVersion "1"]
[SourceVersionDate "2014.11.20"]
[SourceQuality "1"]

1. e4 c5 2. Nc3 Nc6 3. f4 d6 4. Nf3 g6 5. Bb5 Bg7 6. Bxc6+ bxc6 7. 0-0 Nf6 8. d3 0-0 9. Qe1 Rb8 10. Qh4 h5 11. a4 Qc7 12. b3 Nxe4 13. dxe4 Bxc3 14. Rb1 Rb4 15. Qg3 Rxe4 16. Kh1 Bf6 17. Ng5 Bxg5 18. Qxg5 Bf5 19. Bd2 f6 20. Qg3 Qd7 21. b4 cxb4 22. Rxb4 Rxb4 23. Bxb4 c5 24. Ba3 Qxa4 25. Qe3 Qe4 26. Qb3+ Kg7 27. c4 Qd3 28. Qxd3 Bxd3 29. Re1 Kf7 30. g3 Rb8 31. Kg2 Rb3 32. Ra1 Bxc4 33. Bc1 a6 34. h4 Bb5 35. Kf2 c4 36. Be3 c3 37. Rc1 Rb2+ 38. Ke1 Re2+ 0-1

[Event "Vercelli op"]
[Site "Vercelli"]
[Date "2014.06.13"]
[Round "1"]
[White "Schingaro, Angelo"]
[Black "Siclari, Giovanni"]
[Result "0-1"]
[WhiteElo "1721"]
[BlackElo "2137"]
[PlyCount "66"]
[EventDate "2014.06.13"]
[EventType "swiss"]
[EventRounds "5"]
[EventCountry "ITA"]
[SourceTitle "EXT 2024"]
[Source "ChessBase"]
[SourceDate "2023.10.10"]
[SourceVersion "1"]
[SourceVersionDate "2023.10.10"]
[SourceQuality "1"]

1. e4 c5 2. Nf3 e6 3. d4 cxd4 4. Nxd4 Nc6 5. Nc3 Qc7 6. Be3 a6 7. Qd2 Nf6 8. f3 b5 9. 0-0-0 Bb7 10. Kb1 Bb4 11. g4 Nxd4 12. Qxd4 Bxc3 13. Qxc3 Qxc3 14. bxc3 d5 15. g5 Nd7 16. exd5 Bxd5 17. Be2 Rc8 18. Kb2 Nc5 19. Bxc5 Rxc5 20. Rhf1 Ke7 21. Rfe1 Rhc8 22. Rd3 Bc4 23. Re3 Bxe2 24. R1xe2 Rxg5 25. f4 Rgc5 26. Kb3 g6 27. Rh3 h5 28. Rhe3 Rc4 29. Rf2 R8c5 30. h4 Rf5 31. Ref3 Kf6 32. Kb2 Rd5 33. Rd3 Kf5 0-1

[Event "Varese Province-ch"]
[Site "Gallarate"]
[Date "2013.01.19"]
[Round "1"]
[White "Schingaro, Angelo"]
[Black "Tomassoni, Leonardo"]
[Result "1-0"]
[WhiteElo "1724"]
[BlackElo "1853"]
[PlyCount "39"]
[EventDate "2013.01.19"]
[EventType "swiss"]
[EventRounds "6"]
[EventCountry "ITA"]
[SourceTitle "EXT 2024"]
[Source "ChessBase"]
[SourceDate "2023.10.10"]
[SourceVersion "1"]
[SourceVersionDate "2023.10.10"]
[SourceQuality "1"]

1. e4 c5 2. Nf3 d6 3. d4 cxd4 4. Nxd4 Nf6 5. Nc3 a6 6. Be3 e5 7. Nb3 b5 8. f3 Bb7 9. Qd2 Be7 10. 0-0-0 Nc6 11. g4 h6 12. Kb1 Qc7 13. h4 0-0-0 14. Bh3 Kb8 15. g5 hxg5 16. hxg5 d5 17. gxf6 dxe4 18. Qf2 Rxd1+ 19. Rxd1 Bd6 20. Bb6 1-0

[Event "Varese-ch"]
[Site "Varese"]
[Date "2012.10.22"]
[Round "3"]
[White "Schingaro, Angelo"]
[Black "Randi, Renzo"]
[Result "1-0"]
[WhiteElo "1704"]
[BlackElo "1410"]
[PlyCount "101"]
[EventDate "2012.10.08"]
[EventType "swiss"]
[EventRounds "6"]
[EventCountry "ITA"]
[SourceTitle "EXT 2014"]
[Source "ChessBase"]
[SourceDate "2013.11.20"]
[SourceVersion "1"]
[SourceVersionDate "2013.11.20"]
[SourceQuality "1"]

1. e4 e5 2. Nf3 Nc6 3. d4 f6 4. d5 Nb8 5. c4 Na6 6. Nc3 Bb4 7. Bd2 Nc5 8. Qc2 d6 9. a3 Bxc3 10. Bxc3 Bd7 11. b4 Ba4 12. Qb1 Nd7 13. Bd3 Ne7 14. 0-0 Ng6 15. g3 0-0 16. Rc1 h5 17. h4 Rf7 18. Bd2 c6 19. Be3 Ne7 20. Qb2 g6 21. Qd2 c5 22. Kg2 Rh7 23. Ng1 Kf7 24. Ne2 Nb6 25. bxc5 dxc5 26. Bxc5 Nd7 27. Be3 b6 28. Nc3 Nc5 29. Bxc5 bxc5 30. Nxa4 Rc8 31. Rab1 g5 32. Rh1 Kg6 33. Rb5 a6 34. Rb6 a5 35. Qxg5+ Kf7 36. Qxf6+ Ke8 37. Qxe5 Rf7 38. Qxh5 Kf8 39. e5 Nxd5 40. Qh8+ Ke7 41. Qxd8+ Rxd8 42. cxd5 Rxd5 43. Bc4 Rxe5 44. Rb7+ Kd6 45. Bxf7 Kc6 46. Rb6+ Kc7 47. Rhb1 Re4 48. Nxc5 Re2 49. Bd5 Rd2 50. Bf3 Rc2 51. Rc6+ 1-0

[Event "Arco op"]
[Site "Arco"]
[Date "2011.12.29"]
[Round "6"]
[White "Mondal, Prince"]
[Black "Schingaro, Angelo"]
[Result "1/2-1/2"]
[WhiteElo "1786"]
[BlackElo "1727"]
[PlyCount "88"]
[EventDate "2011.12.26"]
[EventType "swiss"]
[EventRounds "7"]
[EventCountry "ITA"]
[SourceTitle "EXT 2023"]
[Source "ChessBase"]
[SourceDate "2022.10.05"]
[SourceVersion "1"]
[SourceVersionDate "2022.10.05"]
[SourceQuality "1"]

1. e4 c5 2. c3 d5 3. exd5 Qxd5 4. d4 Nc6 5. Nf3 Bg4 6. Be2 e6 7. 0-0 Nf6 8. Be3 cxd4 9. cxd4 Be7 10. Nc3 Qd8 11. Qd2 0-0 12. a3 a6 13. Rad1 Nd5 14. Nxd5 Qxd5 15. h3 Bh5 16. Rfe1 Rfd8 17. Nh2 Bxe2 18. Qxe2 Rac8 19. b4 Na7 20. Rc1 Nb5 21. Qb2 h6 22. Nf3 Bf6 23. Rxc8 Rxc8 24. Rc1 Rxc1+ 25. Qxc1 Qd7 26. Qb2 Qc7 27. Qb3 Qc3 28. Qxc3 Nxc3 29. Kf1 Nd5 30. Bc1 Kf8 31. Ke2 Ke7 32. g3 Kd6 33. Kd3 b5 34. Nd2 Be7 35. Nb3 Nc7 36. Nc5 Kd5 37. Bf4 Bd6 38. Bd2 f5 39. f4 Be7 40. h4 Bf6 41. Be3 g6 42. Nb3 Kc6 43. Nc5 h5 44. Bd2 Kd5 1/2-1/2

[Event "Arco op"]
[Site "Arco"]
[Date "2011.12.28"]
[Round "5"]
[White "Schingaro, Angelo"]
[Black "De Nardo, Elena"]
[Result "1-0"]
[WhiteElo "1727"]
[BlackElo "1599"]
[PlyCount "87"]
[EventDate "2011.12.26"]
[EventType "swiss"]
[EventRounds "7"]
[EventCountry "ITA"]
[SourceTitle "EXT 2023"]
[Source "ChessBase"]
[SourceDate "2022.10.05"]
[SourceVersion "1"]
[SourceVersionDate "2022.10.05"]
[SourceQuality "1"]

1. e4 e6 2. d4 d5 3. e5 c5 4. c3 Nc6 5. Nf3 Nge7 6. Nbd2 Ng6 7. Nb3 a6 8. Be3 Be7 9. Be2 c4 10. Nbd2 f6 11. exf6 Bxf6 12. 0-0 0-0 13. Re1 Qc7 14. Nf1 Be7 15. Ng3 Bd7 16. Qd2 Nf4 17. Bxf4 Qxf4 18. Rad1 Qxd2 19. Rxd2 Be8 20. Bd1 Nd8 21. Ne5 Bg5 22. Rde2 Rc8 23. Bc2 Nf7 24. Nf3 Rc6 25. Nxg5 Nxg5 26. h4 Nf7 27. Rxe6 Rc8 28. Nf5 Rd8 29. Rb6 Rd7 30. Re7 Kh8 31. Rxd7 Bxd7 32. Ne7 Re8 33. Nxd5 Re2 34. Ne3 Bc8 35. Kf1 Bg4 36. Rxb7 Nh6 37. Nxg4 Rxc2 38. Nxh6 gxh6 39. Ke1 a5 40. d5 Kg8 41. d6 Kf8 42. Rb8+ Kf7 43. d7 Rxb2 44. Rxb2 1-0

[Event "Ceriano Laghetto op-B 20th"]
[Site "Ceriano Laghetto"]
[Date "2011.04.04"]
[Round "5"]
[White "Mancin, Mariano"]
[Black "Schingaro, Angelo"]
[Result "1-0"]
[WhiteElo "1907"]
[BlackElo "1718"]
[PlyCount "31"]
[EventDate "2011.04.01"]
[EventType "swiss"]
[EventRounds "5"]
[EventCountry "ITA"]
[SourceTitle "EXT 2023"]
[Source "ChessBase"]
[SourceDate "2022.10.05"]
[SourceVersion "1"]
[SourceVersionDate "2022.10.05"]
[SourceQuality "1"]

1. e4 c5 2. Nc3 Nc6 3. f4 d6 4. Nf3 g6 5. Bb5 Bd7 6. d3 Bg7 7. 0-0 a6 8. Bxc6 Bxc6 9. Qe1 e6 10. f5 Nf6 11. Qh4 Nh5 12. Qxd8+ Rxd8 13. fxe6 fxe6 14. Ng5 Bd7 15. Nf7 Ke7 16. Bg5+ 1-0

[Event "Biella op 1st"]
[Site "Biella"]
[Date "2010.09.24"]
[Round "1"]
[White "Schingaro, Angelo"]
[Black "Topczewski, Damian"]
[Result "0-1"]
[WhiteElo "1724"]
[BlackElo "2165"]
[PlyCount "42"]
[EventDate "2010.09.24"]
[EventType "swiss"]
[EventRounds "5"]
[EventCountry "ITA"]
[SourceTitle "EXT 2024"]
[Source "ChessBase"]
[SourceDate "2023.10.10"]
[SourceVersion "1"]
[SourceVersionDate "2023.10.10"]
[SourceQuality "1"]

1. e4 c5 2. Nf3 Nc6 3. d4 cxd4 4. Nxd4 g6 5. Be3 Nf6 6. f3 Bg7 7. Nc3 0-0 8. Qd2 d5 9. Nxc6 bxc6 10. 0-0-0 Be6 11. exd5 cxd5 12. Be2 Qa5 13. Kb1 Rab8 14. Bd4 Qb4 15. Nb5 Rxb5 16. Bxb5 Qxb5 17. h4 h5 18. Rhe1 a5 19. Bc3 Rc8 20. Qd4 Rc4 21. Qd3 Bf5 0-1

[Event "Lombardia Region-ch"]
[Site "Solaro"]
[Date "2010.05.30"]
[Round "4"]
[White "Schingaro, Angelo"]
[Black "Regorda, Massimiliano"]
[Result "1/2-1/2"]
[WhiteElo "1714"]
[BlackElo "1911"]
[PlyCount "83"]
[EventDate "2010.05.28"]
[EventType "swiss"]
[EventRounds "5"]
[EventCountry "ITA"]
[SourceTitle "EXT 2024"]
[Source "ChessBase"]
[SourceDate "2023.10.10"]
[SourceVersion "1"]
[SourceVersionDate "2023.10.10"]
[SourceQuality "1"]

1. e4 d5 2. exd5 Qxd5 3. Nc3 Qa5 4. d4 Nf6 5. Nf3 Bf5 6. Bd2 c6 7. Bc4 e6 8. Bb3 Bb4 9. a3 Bxc3 10. Bxc3 Qd8 11. Qe2 0-0 12. 0-0 Nbd7 13. Rad1 Ne4 14. h3 Nxc3 15. bxc3 Qa5 16. Nh4 Qxa3 17. Nxf5 exf5 18. Qd3 g6 19. Ra1 Qd6 20. Rfe1 Nf6 21. c4 Rfe8 22. c5 Qc7 23. Qf1 a6 24. Qd3 Re7 25. Rxe7 Qxe7 26. Qg3 Re8 27. f3 Nh5 28. Qf2 Nf4 29. Bc4 Qe3 30. Rb1 Qc3 31. Bf1 Re7 32. Rb3 Qa1 33. Re3 Rxe3 34. Qxe3 Ne6 35. c3 a5 36. Kf2 a4 37. Bc4 Qb2+ 38. Kg1 a3 39. Bxe6 fxe6 40. Qxe6+ Kg7 41. Qe7+ Kh6 42. Qh4+ 1/2-1/2

[Event "Ceriano Laghetto op-B 19th"]
[Site "Ceriano Laghetto"]
[Date "2010.03.??"]
[Round "3"]
[White "Schingaro, Angelo"]
[Black "Rossi, Giampiero"]
[Result "1/2-1/2"]
[WhiteElo "1700"]
[BlackElo "1914"]
[PlyCount "51"]
[EventDate "2010.03.??"]
[EventType "swiss"]
[EventRounds "5"]
[EventCountry "ITA"]
[SourceTitle "EXT 2024"]
[Source "ChessBase"]
[SourceDate "2023.10.10"]
[SourceVersion "1"]
[SourceVersionDate "2023.10.10"]
[SourceQuality "1"]

1. e4 c5 2. Nf3 e6 3. d4 cxd4 4. Nxd4 a6 5. Nc3 Qc7 6. Bd3 Nc6 7. Be3 Nf6 8. 0-0 Ne5 9. h3 b5 10. f4 Nc4 11. Bxc4 Qxc4 12. Qd3 Bb7 13. a4 Qxd3 14. cxd3 b4 15. Nce2 d5 16. e5 Nd7 17. Rac1 Nc5 18. Rfd1 Be7 19. Nf5 exf5 20. Bxc5 Bxc5+ 21. Rxc5 Kd7 22. Rdc1 Rhc8 23. Nd4 g6 24. Kf2 Rxc5 25. Rxc5 Rc8 26. Rxc8 1/2-1/2

[Event "Varese Province-ch"]
[Site "Gallarate"]
[Date "2010.01.24"]
[Round "3"]
[White "Schingaro, Angelo"]
[Black "Musso, Roberto"]
[Result "0-1"]
[WhiteElo "1695"]
[BlackElo "1762"]
[PlyCount "66"]
[EventDate "2010.01.23"]
[EventType "swiss"]
[EventRounds "6"]
[EventCountry "ITA"]
[SourceTitle "EXT 2024"]
[Source "ChessBase"]
[SourceDate "2023.10.10"]
[SourceVersion "1"]
[SourceVersionDate "2023.10.10"]
[SourceQuality "1"]

1. e4 c5 2. Nf3 d6 3. d4 cxd4 4. Nxd4 Nf6 5. Nc3 a6 6. Be3 e6 7. f3 Qc7 8. Qd2 Nc6 9. 0-0-0 b5 10. g4 Be7 11. g5 Nd7 12. h4 Nde5 13. Qf2 Bb7 14. Rg1 Na5 15. h5 g6 16. hxg6 hxg6 17. Nxe6 fxe6 18. Bb6 Qc6 19. Bxa5 Rf8 20. Qe3 Nxf3 21. Rg3 Ne5 22. Bh3 Nc4 23. Qd4 e5 24. Qd3 Nxa5 25. Nd5 Bc8 26. Bg2 Be6 27. Kb1 Rc8 28. b3 Nb7 29. Rh1 Nc5 30. Qe2 Nd7 31. Qd3 Rf2 32. Rh7 Bxd5 33. exd5 Qxc2+ 0-1

[Event "Varese op 9th"]
[Site "Varese"]
[Date "2009.10.17"]
[Round "5"]
[White "Collobiano, Alberto"]
[Black "Schingaro, Angelo"]
[Result "1-0"]
[WhiteElo "1993"]
[BlackElo "1712"]
[PlyCount "45"]
[EventDate "2009.10.10"]
[EventType "swiss"]
[EventRounds "6"]
[EventCountry "ITA"]
[SourceTitle "EXT 2024"]
[Source "ChessBase"]
[SourceDate "2023.10.10"]
[SourceVersion "1"]
[SourceVersionDate "2023.10.10"]
[SourceQuality "1"]

1. e4 c5 2. Nf3 d6 3. d4 cxd4 4. Nxd4 Nf6 5. Nc3 a6 6. Bd3 e6 7. Be3 b5 8. g4 Bb7 9. g5 Nfd7 10. Qd2 Nc6 11. Nxc6 Bxc6 12. 0-0-0 Qc7 13. f4 Nc5 14. Rhe1 b4 15. Nd5 Qb7 16. Bxc5 dxc5 17. f5 e5 18. Bc4 a5 19. g6 hxg6 20. fxg6 f6 21. Nxf6+ gxf6 22. Bf7+ Ke7 23. Qd6# 1-0

[Event "Varese op 9th"]
[Site "Varese"]
[Date "2009.10.10"]
[Round "2"]
[White "Guzzetti, Luigi Enrico"]
[Black "Schingaro, Angelo"]
[Result "1-0"]
[WhiteElo "1863"]
[BlackElo "1712"]
[PlyCount "53"]
[EventDate "2009.10.10"]
[EventType "swiss"]
[EventRounds "6"]
[EventCountry "ITA"]
[SourceTitle "EXT 2024"]
[Source "ChessBase"]
[SourceDate "2023.10.10"]
[SourceVersion "1"]
[SourceVersionDate "2023.10.10"]
[SourceQuality "1"]

1. e4 c5 2. Nf3 d6 3. d4 cxd4 4. Nxd4 Nf6 5. Nc3 a6 6. Be2 e6 7. Be3 b5 8. a3 Bb7 9. f3 Be7 10. 0-0 Nbd7 11. Qe1 0-0 12. Qf2 Rc8 13. Rad1 d5 14. exd5 Nxd5 15. Nxd5 Bxd5 16. Rd2 Nf6 17. Rfd1 Qc7 18. g3 Rfd8 19. c3 Qb7 20. g4 Bc4 21. Bxc4 Rxc4 22. Ne2 Rxd2 23. Rxd2 Nd5 24. Kg2 Nxe3+ 25. Qxe3 Rxg4+ 26. Ng3 Bg5 27. Qxg5 1-0

[Event "Vanzaghello op 5th"]
[Site "Vanzaghello"]
[Date "2009.05.10"]
[Round "5"]
[White "Ranfagni, Stefano"]
[Black "Schingaro, Angelo"]
[Result "1-0"]
[WhiteElo "2052"]
[BlackElo "1702"]
[PlyCount "51"]
[EventDate "2009.05.08"]
[EventType "swiss"]
[EventRounds "5"]
[EventCountry "ITA"]
[SourceTitle "EXT 2011"]
[Source "ChessBase"]
[SourceDate "2010.11.26"]
[SourceVersion "1"]
[SourceVersionDate "2010.11.26"]
[SourceQuality "1"]

1. e4 c5 2. Nc3 Nc6 3. g3 g6 4. Bg2 Bg7 5. Nge2 e6 6. 0-0 Nge7 7. d3 0-0 8. Be3 d6 9. Qd2 a6 10. Bh6 Rb8 11. Bxg7 Kxg7 12. f4 b5 13. Nd1 Bb7 14. Ne3 Qd7 15. f5 f6 16. fxe6 Qxe6 17. Nf4 Qf7 18. Bh3 Bc8 19. Bxc8 Rfxc8 20. Nfd5 Nxd5 21. Nxd5 Ne7 22. Nxf6 Qe6 23. Qc3 b4 24. Nh5+ Kh6 25. Qg7+ Kxh5 26. Qxh7+ 1-0

[Event "Turbigo op"]
[Site "Turbigo"]
[Date "2008.05.10"]
[Round "4"]
[White "Testa, Loris"]
[Black "Schingaro, Angelo"]
[Result "1-0"]
[WhiteElo "1656"]
[BlackElo "1698"]
[PlyCount "47"]
[EventDate "2008.05.08"]
[EventType "swiss"]
[EventRounds "5"]
[EventCountry "ITA"]
[SourceTitle "EXT 2011"]
[Source "ChessBase"]
[SourceDate "2010.11.26"]
[SourceVersion "1"]
[SourceVersionDate "2010.11.26"]
[SourceQuality "1"]

1. e4 c5 2. Nf3 e6 3. d4 cxd4 4. Nxd4 a6 5. Nc3 Qc7 6. Be3 Nf6 7. Bd3 Nc6 8. 0-0 Be7 9. a4 b6 10. f4 d6 11. Kh1 Bb7 12. Qe1 Nb4 13. Qg3 d5 14. e5 Nh5 15. Qh3 Nxd3 16. cxd3 g6 17. Rac1 Qd7 18. f5 exf5 19. Nxf5 gxf5 20. Qxh5 d4 21. Rxf5 dxe3 22. Rxf7 Bxg2+ 23. Kxg2 Rg8+ 24. Rg7+ 1-0

[Event "Turbigo op"]
[Site "Turbigo"]
[Date "2008.05.08"]
[Round "1"]
[White "Turini, Gianluca"]
[Black "Schingaro, Angelo"]
[Result "1-0"]
[WhiteElo "1500"]
[BlackElo "1698"]
[PlyCount "49"]
[EventDate "2008.05.08"]
[EventType "swiss"]
[EventRounds "5"]
[EventCountry "ITA"]
[SourceTitle "EXT 2011"]
[Source "ChessBase"]
[SourceDate "2010.11.26"]
[SourceVersion "1"]
[SourceVersionDate "2010.11.26"]
[SourceQuality "1"]

1. e4 c5 2. Nf3 e6 3. d4 cxd4 4. Nxd4 a6 5. Nc3 Qc7 6. a3 Nf6 7. f3 Nc6 8. Nb3 Be7 9. Be3 b5 10. Be2 Bb7 11. Nc5 0-0 12. Nxb7 Qxb7 13. 0-0 Rfd8 14. Bd3 d5 15. exd5 Nxd5 16. Nxd5 Rxd5 17. Qe1 Qc7 18. f4 Rc8 19. b4 Nd4 20. Bxd4 Rxd4 21. Qe3 Bf6 22. Rad1 Rcd8 23. Rf3 Rxb4 24. axb4 Bd4 25. Bxh7+ 1-0

[Event "Ceriano Laghetto op"]
[Site "Ceriano Laghetto"]
[Date "2008.03.11"]
[Round "6"]
[White "Pellegrini, Fabio"]
[Black "Schingaro, Angelo"]
[Result "0-1"]
[WhiteElo "1428"]
[BlackElo "1683"]
[PlyCount "80"]
[EventDate "2008.02.05"]
[EventType "swiss"]
[EventRounds "6"]
[EventCountry "ITA"]
[SourceTitle "EXT 2010"]
[Source "ChessBase"]
[SourceDate "2010.11.25"]
[SourceVersion "1"]
[SourceVersionDate "2010.11.25"]
[SourceQuality "1"]

1. e4 c5 2. Nf3 e6 3. Nc3 a6 4. d4 cxd4 5. Nxd4 Qc7 6. a3 Nf6 7. Bd3 Bc5 8. Nf3 d6 9. h3 Nc6 10. Bd2 b5 11. b4 Ba7 12. 0-0 Bb7 13. Ne2 h6 14. Ng3 d5 15. exd5 Nxd5 16. Re1 Qxg3 17. Qe2 Nf4 18. Bxf4 Qxf4 19. c4 Nd4 20. Nxd4 Bxd4 21. Rad1 Bc3 22. Rf1 Qg5 23. Be4 Bxe4 24. Qxe4 0-0 25. c5 Rfd8 26. f4 Qf6 27. c6 Rd4 28. Qf3 Rc4 29. Rd7 Rc8 30. Rd6 Bd4+ 31. Kh1 Bb6 32. f5 Qxf5 33. Qd1 Qc2 34. Qh5 Qg6 35. Qd1 Rc2 36. Qf3 Rc7 37. Rfd1 Rf2 38. Rd8+ Kh7 39. Qd3 Qxd3 40. R1xd3 Rxc6 0-1

[Event "Ceriano Laghetto op"]
[Site "Ceriano Laghetto"]
[Date "2008.02.12"]
[Round "2"]
[White "Schingaro, Angelo"]
[Black "Santarelli, Sabatino"]
[Result "1-0"]
[WhiteElo "1683"]
[BlackElo "1593"]
[PlyCount "93"]
[EventDate "2008.02.05"]
[EventType "swiss"]
[EventRounds "6"]
[EventCountry "ITA"]
[SourceTitle "EXT 2010"]
[Source "ChessBase"]
[SourceDate "2010.11.25"]
[SourceVersion "1"]
[SourceVersionDate "2010.11.25"]
[SourceQuality "1"]

1. e4 c5 2. Nf3 Nc6 3. d4 cxd4 4. Nxd4 g6 5. c4 Bg7 6. Nc2 Nf6 7. Nc3 0-0 8. Be2 d6 9. Be3 Re8 10. f4 Bd7 11. 0-0 Qc8 12. h3 Kh8 13. Rc1 Ng8 14. Qd3 f5 15. Bf3 fxe4 16. Bxe4 Nf6 17. Bf3 Bf5 18. Qd2 a6 19. b3 Qc7 20. Nd5 Nxd5 21. cxd5 Nd8 22. Nd4 Qd7 23. Nxf5 Qxf5 24. Bg4 Qf8 25. Bd7 Nf7 26. Bxe8 Qxe8 27. Rc7 b5 28. Rfc1 Nh6 29. Qc2 Bf6 30. Rc8 Rxc8 31. Qxc8 Qxc8 32. Rxc8+ Kg7 33. Ra8 Nf5 34. Kf2 Kf7 35. Rxa6 Bc3 36. a4 bxa4 37. bxa4 Bd4 38. Bxd4 Nxd4 39. Rb6 e6 40. dxe6+ Kxe6 41. a5 Kd7 42. a6 Kc7 43. Rb7+ Kc8 44. Rxh7 Kb8 45. Rd7 Nf5 46. g4 Nd4 47. Rxd6 1-0